000 00205nam a22000977a 4500
041 _aeng
080 _a80
100 _aVassilyev, V. A.
245 _aEnglish Fhonetics. A Theoretical Course.
999 _c281919
_d281919
942 _cBK